000 00521nam a22001577a 4500
005 20241014060150.0
008 241014b |||||||| |||| 00| 0 eng d
041 _aEnglish
082 _a 340.1 SUR
100 _lEnglish
245 _aA Survival Guide for the Law Students, Candidate Legal Practitioners and newly admitted Legal Practitioners
260 _aWindhoek:
_bLaw Society of Namibia,
_c2024
300 _b83 pages;
_c22 cm.
650 _aLegal practice
_bLaw
942 _cBK
_6ALISON_BN_VRIES
999 _c3208
_d3208